| 000 | 00443nam a22001697a 4500 | ||
|---|---|---|---|
| 003 | CEME | ||
| 005 | 20210628205811.0 | ||
| 008 | 210317b xxu||||| |||| 00| 0 eng d | ||
| 040 | _c. | ||
| 082 | _a891.4393 TAR | ||
| 100 |
_aSagar, Tariq Ismail Tariq Ismail Sagar _976307 |
||
| 245 | _aRaw research and analysis wing | ||
| 260 |
_aLAHORE _bMILLI BOOK DEPOT _c1997 |
||
| 300 | _a304P | ||
| 650 |
_aURDU ADAB-NOVEL _920918 |
||
| 942 |
_cBK _2ddc |
||
| 999 |
_c582390 _d582390 |
||